Normal view
MARC view
- MICROSOFT WINDOWS ME WINDOWS ME
Entry Topical Term
001 - CONTROL NUMBER
- control field: 56806
003 - CONTROL NUMBER IDENTIFIER
- control field: NUST
005 - DATE AND TIME OF LATEST TRANSACTION
- control field: 20210628201758.0
008 - FIXED-LENGTH DATA ELEMENTS
- fixed length control field: 210628|| aca||aabn | a|a d
040 ## - CATALOGING SOURCE
- Original cataloging agency: NUST
- Transcribing agency: NUST
150 ## - HEADING--TOPICAL TERM
- Topical term or geographic name entry element: MICROSOFT WINDOWS ME WINDOWS ME
670 ## - SOURCE DATA FOUND
- Source citation: Work cat.: (NUST): Schwartz, Karl 56805, Training guide microsoft windows me , visual reference basics, 2000
